| 000 | 00496nam a2200217Ia 4500 | ||
|---|---|---|---|
| 003 | OSt | ||
| 005 | 20221017122557.0 | ||
| 008 | 210210b2011 xxu||||| |||| 00| 0 eng d | ||
| 020 | _a9789350510605 | ||
| 040 | _cAL | ||
| 041 | _aeng | ||
| 082 | _a368 GUPF | ||
| 100 |
_aGUPTA (P K) _959739 |
||
| 245 | _aFundamentals of insurance | ||
| 250 | _a2 Rev | ||
| 260 |
_aMumbai _bNot Mentioned _c2011 |
||
| 300 | _axiv,433 | ||
| 690 |
_aInsurance _959740 |
||
| 906 | _a066675 | ||
| 942 |
_2ddc _cBK |
||
| 999 |
_c149147 _d149147 |
||